Seis Grados de Separación - Ciudades Hispanohablantes - Estadísticas

Estadísticas generales
  • Esta prueba ha sido intentada 1.035 veces
  • La puntuación promedio es 8 de 24
Estadísticas de respuestas
Color Pista Ciudad % Correcto
Verde La ciudad donde se desarolló la primer Copa Mundial... Montevideo
92%
Verde Que forma la pareja de capitales sudamericanas más cercanas con... Buenos Aires
87%
Azul La ciudad estadounidense con la población hispánica más grande de Florida es... Miami
73%
Azul Que tiene un barrio que se llama "pequeña..." La Habana
54%
Azul Que es la segunda ciudad más poblada del caribe después de... Santo Domingo
52%
Amarillo La ciudad más occidental de México es... Tijuana
41%
Verde Donde se fundó un fuerte en 1536, cuya población se trasladó 5 años después a... Asunción
39%
Azul Cuyo club de fútbol juega El Clásico contra el club de... Barcelona
38%
Azul Que en el siglo XVII por unos años robó la capitalidad nacional de... Madrid
35%
Rojo La ciudad costeña más visitada de Colombia es... Cartagena
33%
Amarillo Que es una ciudad fronteriza con EE. UU. en la lista de diez peores tasas de homicidio como... Ciudad Juárez
26%
Rojo Cuya elevación supera todas las capitales mundiales excepto... La Paz
23%
Rojo Cuya capitalidad se comparte con... Sucre
23%
Verde Que se ubica unos 100 km de descenso de la capital que se llama... Santiago
19%
Amarillo Que se nombró por este hombre quien se instaló como presidente
y después murió en...
Ciudad de México
18%
Azul Que se fundó por el hermano de Cristobal Colón, quien murió en... Valladolid
18%
Rojo Cuya población urbana supera todas las ciudades de su país, incluso la capital,... Quito
16%
Amarillo Que es la capital hispana con menos rascacielos que sólo... Ciudad de Panamá
15%
Verde Que se nombró por el evento al fin de la vida de la Virgen María, mientras el evento al principiode su vida dio el nombre a... Concepción
15%
Rojo Cuyo aeropuerto sólo va a ciudades hispanas internacionales que son capitales excepto... Guayaquil
14%
Amarillo Que es la capital del país al sureste del país con capital que es... San José
14%
Amarillo Que tiene el mismo número de letras y mismo 4 letras iniciales que... San Juan
13%
Verde Cuya conurbación comparte casi la misma población con la conurbación de... Valparaíso
11%
Rojo Cuyo nombre se comparte con un departamento colombiano,cuya capital es... Sincelejo
5%
No se encontraron pruebas coincidentes
Distribución de puntuación
Porcentaje de gente con cada puntuación
Porcentaje por número respondido
Historial de tus puntuaciones
No has intentado esta prueba.